Instructor’s manual for ferguson’s introductory astronomy exercises (Record no. 31171)

MARC details
000 -LEADER
fixed length control field 00546nam a2200193Ia 4500
020 ## - INTERNATIONAL STANDARD BOOK NUMBER
ISBN 9780534379766
050 ## - CALL MARK
Classification number QB 62.7 .F47/
100 ## - STATEMENT OF RESPONSIBILITY--MAIN AUTHOR NAME
Personal name Ferguson, Dale C.
245 #0 - TITLE STATEMENT
Title Instructor’s manual for ferguson’s introductory astronomy exercises
250 ## - EDITION / VOLUME STATEMENT
Edition / Volume statement 2nd ed.
260 ## - PUBLICATION, DISTRIBUTION, ETC. (IMPRINT)
Place of publication United States
260 ## - PUBLICATION, DISTRIBUTION, ETC. (IMPRINT)
Name of publisher Brooks/Cole
260 ## - PUBLICATION, DISTRIBUTION, ETC. (IMPRINT)
Year of publication 2001
300 ## - PHYSICAL DESCRIPTION
Number of Pages 54 p
650 ## - SUBJECT ADDED ENTRY--TOPICAL TERM
Topical Term Astronomy--Laboratory manuals. Astronomy--Problems, exercises, etc.
942 ## - ADDED ENTRY ELEMENTS (KOHA)
Koha item type Books
Holdings
Withdrawn status Lost status Source of classification or shelving scheme Damaged status Not for loan Permanent Location Current Location Date acquired Accession Number Price effective from Koha item type
    Library of Congress Classification     NILE UNIVERSITY OF NIGERIA - MAIN LIBRARY NILE UNIVERSITY OF NIGERIA - MAIN LIBRARY 04/23/2025 0005499 04/23/2025 Books